|
|
|
|
| LEADER |
00000nam0a2200000 4500 |
| 001 |
332545 |
| 005 |
20231102004451.0 |
| 035 |
|
|
|a (RuTPU)RU\TPU\book\358491
|
| 035 |
|
|
|a RU\TPU\book\358488
|
| 090 |
|
|
|a 332545
|
| 100 |
|
|
|a 20170525d1978 k y0rusy5003 ca
|
| 101 |
0 |
|
|a rus
|
| 102 |
|
|
|a RU
|
| 105 |
|
|
|a a z 001zy
|
| 200 |
1 |
|
|a Вулканизм, метаморфизм и железистые кварциты обрамления Тараташского комплекса
|e [сборник]
|f Академия наук СССР (АН СССР), Уральский научный центр (УНЦ), Ильменский государственный заповедник
|
| 210 |
|
|
|a Свердловск
|c Изд-во УНЦ АН СССР
|d 1978
|
| 215 |
|
|
|a 102 с.
|c ил.
|
| 225 |
1 |
|
|a Труды Ильменского государственного заповедника им. В. И. Ленина
|v Вып. 19
|
| 320 |
|
|
|a Библиогр. в конце ст.
|
| 606 |
1 |
|
|a Докембрий
|2 stltpush
|3 (RuTPU)RU\TPU\subj\67322
|9 83166
|
| 610 |
1 |
|
|a вулканизм
|
| 610 |
1 |
|
|a метаморфизм
|
| 610 |
1 |
|
|a железистые кварциты
|
| 610 |
1 |
|
|a тараташский комплекс
|
| 675 |
|
|
|a 551.71/.72
|z rus
|v 3
|
| 712 |
0 |
2 |
|a Академия наук СССР (АН СССР)
|b Уральский научный центр (УНЦ)
|b Ильменский государственный заповедник
|2 stltpush
|3 (RuTPU)RU\TPU\col\3284
|
| 801 |
|
0 |
|a RU
|b RuMRKP
|c 19950704
|g psbo
|
| 801 |
|
1 |
|a RU
|b 63413507
|c 20051004
|g PSBO
|
| 801 |
|
2 |
|a RU
|b 63413507
|c 20170606
|g PSBO
|
| 942 |
|
|
|c BK
|